MARC details
| 000 -LEADER |
| fixed length control field |
02079cad a22002895a 4500 |
| 001 - CONTROL NUMBER |
| control field |
L146964 |
| 008 - FIXED-LENGTH DATA ELEMENTS--GENERAL INFORMATION |
| fixed length control field |
090318e20090224xxk f v 000 0 eng d |
| 035 ## - SYSTEM CONTROL NUMBER |
| System control number |
(Sirsi) u146964 |
| 041 0# - LANGUAGE CODE |
| Language code of text/sound track or separate title |
eng |
| 245 00 - TITLE STATEMENT |
| Title |
Mansal Securities Ltd and others v. Leasehold Valuation Tribunal of the Midland Rent Assessment Panel |
| Medium |
[electronic resource] |
| 260 ## - PUBLICATION, DISTRIBUTION, ETC. |
| Date of publication, distribution, etc. |
2009 |
| 520 ## - SUMMARY, ETC. |
| Summary, etc. |
LRA 185 2007, 24 February 2009. The case considers whether the Sportelli guidance applies to valuations under section 9(1) of the Leasehold Reform Act 1967 and whether the deferment rate in the West Midlands area and under the section 9(1) is different from the Sportelli generic rate. The freeholders of properties appealed against a decision of the Leasehold Valuation Tribunal (LVT) involving valuations under section 9(1). The LVT had determined the deferment rate for calculation of the freehold interest at 5.5%. The freeholders appealed for the rate to be set at 4.75%, the same figure used for houses in the case of Cadogan and Sportelli, and approved by the Court of Appeal. "Held": The appeal is allowed. The deferment rate is set at 5% for the 22 appeal properties. The appeal against the capitalisation rate used by the LVT for one of the properties fails. |
| 590 ## - LOCAL NOTE (RLIN) |
| Local note |
KA |
| 650 24 - SUBJECT ADDED ENTRY--TOPICAL TERM |
| Topical term or geographic name entry element |
MANSAL SECURITIES LTD AND OTHERS V LEASEHOLD VALUATION TRIBUNAL OF THE MIDLAND RENT ASSESSMENT PANEL |
| 650 24 - SUBJECT ADDED ENTRY--TOPICAL TERM |
| Topical term or geographic name entry element |
FARR V MILLERSONS INVESTMENTS LTD |
| 650 24 - SUBJECT ADDED ENTRY--TOPICAL TERM |
| Topical term or geographic name entry element |
EARL CADOGAN AND ANOTHER V SPORTELLI AND ANOTHER |
| 650 24 - SUBJECT ADDED ENTRY--TOPICAL TERM |
| Topical term or geographic name entry element |
NICHOLSON V GOFF |
| 650 24 - SUBJECT ADDED ENTRY--TOPICAL TERM |
| Topical term or geographic name entry element |
OFFICIAL CUSTODIAN OF CHARITIES V GOLDRIDGE |
| 650 24 - SUBJECT ADDED ENTRY--TOPICAL TERM |
| Topical term or geographic name entry element |
WILKES V LARCROFT PROPERTIES |
| 650 24 - SUBJECT ADDED ENTRY--TOPICAL TERM |
| Topical term or geographic name entry element |
HILDRON FINANCE LTD V GREENHILL HAMPSTEAD LTD |
| 650 24 - SUBJECT ADDED ENTRY--TOPICAL TERM |
| Topical term or geographic name entry element |
LEASEHOLD REFORM ACT, 1967, SECTION 9(1) |
| 650 24 - SUBJECT ADDED ENTRY--TOPICAL TERM |
| Topical term or geographic name entry element |
LEASEHOLD REFORM, HOUSING AND URBAN DEVELOPMENT ACT 1993 |
| 651 #4 - SUBJECT ADDED ENTRY--GEOGRAPHIC NAME |
| Geographic name |
England and Wales |
| Chronological subdivision |
1543- |
| 690 ## - LOCAL SUBJECT ADDED ENTRY--TOPICAL TERM (OCLC, RLIN) |
| Topical term or geographic name as entry element |
PROPERTY-LANDLORD AND TENANT-LEASES-LEASEHOLD ENFRANCHISEMENT |
| 856 40 - ELECTRONIC LOCATION AND ACCESS |
| Uniform Resource Identifier |
<a href="https://www.landstribunal.gov.uk/Aspx/view.aspx?id=586">https://www.landstribunal.gov.uk/Aspx/view.aspx?id=586</a> |
| Public note |
View the item free of charge at www.landstribunal.gov.uk... |
| 942 ## - ADDED ENTRY ELEMENTS (KOHA) |
| Suppress in OPAC |
0 |